Грузоподъемы. Ч. 1; Грузоподъемы. Ч. 2

Bibliografski detalji
Glavni autor: Кифер Л. Г. Людвиг Генрихович
Sažetak:Раздельная пагинация страниц
Текст в русской дореформенной орфографии
Jezik:ruski
Izdano:
Izdanje:Литографическое издание
TOC:Грузоподъемы. Ч. 2;
Teme:
Format: Knjiga
KOHA link:https://koha.lib.tpu.ru/cgi-bin/koha/opac-detail.pl?biblionumber=311409

MARC

LEADER 00000nam0a2200000 4500
001 311409
005 20231102002401.0
035 |a (RuTPU)RU\TPU\book\336766 
090 |a 311409 
100 |a 20151207d m y0rusy50 ca 
101 0 |a rus 
102 |a RU 
105 |a a j 001zy 
200 1 |a Грузоподъемы. Ч. 1  |f Л. Г. Кифер 
205 |a Литографическое издание 
215 |a 210, 319 с. 
300 |a Раздельная пагинация страниц 
300 |a Текст в русской дореформенной орфографии 
316 |5 63413507: М-132439  |a Владельческий переплет 
316 |5 63413507: М-132439  |a На с. 1 владельческий штамп: "Из книг инж. И. Н. Бутакова" 
316 |5 63413507: М-132439  |a На с. 1 владельческая подпись: "Ин. Бутаков" 
317 |5 63413507: М-132439  |a Поступила в НТБ в 1970 г. в составе книжного собрания профессора ТПИ И. Н. Бутакова 
320 |a Библиогр.: с. 317-319 
464 |t Грузоподъемы. Ч. 2 
606 1 |a Грузоподъемные машины  |2 stltpush  |3 (RuTPU)RU\TPU\subj\72890  |9 86245 
610 1 |a грузоподъемные краны 
610 1 |a грузоподъемные механизмы 
610 1 |a грузоподъемные приспособления 
610 1 |a грузоподъемные устройства 
610 1 |a цепи 
610 1 |a канаты 
610 1 |a краны 
610 1 |a транспортеры 
610 1 |a элеваторы 
610 1 |a подъемники 
610 1 |a владельческая надпись 
610 1 |a владельческие знаки 
610 1 |a библиотека И. Н. Бутакова 
675 |a 621.86(075)  |v 4 
700 1 |a Кифер  |b Л. Г.  |c заслуженный деятель науки и техники РСФСР  |c доктор технических наук  |f 1870-1955  |g Людвиг Генрихович  |2 stltpush  |3 (RuTPU)RU\TPU\pers\35780 
801 1 |a RU  |b 63413507  |c 20151207 
801 2 |a RU  |b 63413507  |c 20190730  |g RCR 
942 |c BK